Auditoría forense, sus fundamentos jurídicos y la praxiología (Registro nro. 324118)

Detalles MARC
000 -ENCABEZADO
Número de control [NR] 00856nam a22002297a 4500
005 - FECHA Y HORA DE LA ÚLTIMA TRANSACCIÓN
control field 20240523084013.0
008 - DE LONGITUD FIJA DE DATOS DE ELEMENTOS - INFORMACIÓN GENERAL
Elementos de longitud fija [NR] 240424t ||||| |||| 00| 0 spa d
020 ## - NUMERO INTERNACIONAL NORMALIZADO PARA LIBROS [R]
Número Internacional Normalizado del libro [NR] 9789587924510
020 ## - NUMERO INTERNACIONAL NORMALIZADO PARA LIBROS [R]
Número Internacional Normalizado del libro [NR] 9789587924527
040 ## - FUENTE DE CATALOGACION [NR]
Agencia de catalogación original [NR] CO-BoUCM
Quien Cataloga David Moreno
Quien Clasifica David Moreno
041 ## - CODIGO DE IDIOMA [R]
Código de idioma para texto/pista de sonido o título separado [R] Español
100 1# - ASIENTO PRINCIPAL--NOMBRE PERSONAL [NR]
Nombre personal [NR] Fonseca Vivas, Álvaro
ID Autoridad 180526
245 10 - MENCION DE TITULO [NR]
Título [NR] Auditoría forense, sus fundamentos jurídicos y la praxiología
Mención de responsabilidad, etc. [NR] Álvaro Fonseca Vivas
250 ## - MENCION DE EDICION [NR]
Mención de edición [NR] 2a. edición
260 ## - PUBLICACION, DISTRIBUCION, ETC. (PIE DE IMPRENTA) [R]
Lugar de publicación, distribución, etc. [R] Bogotá
Nombre del editor, distribuidor, etc. [R] Ediciones de la U
Fecha de publicación, distribución, etc. [R] 2022
300 ## - DESCRIPCION FISICA [R]
Extensión [R] 176 Paginas
650 17 - ASIENTO SECUNDARIO DE MATERIA - TERMINO TEMATICO [R]
Término temático o nombre geográfico como elemento de entrada [NR] Auditoría
9 (RLIN) 9745
Subdivisión general [R] Legislación
Subdivisión geográfica [R] América Latina
650 17 - ASIENTO SECUNDARIO DE MATERIA - TERMINO TEMATICO [R]
Término temático o nombre geográfico como elemento de entrada [NR] Auditoría forence
9 (RLIN) 180527
Subdivisión general [R] Legislación
Subdivisión geográfica [R] América Latina
650 17 - ASIENTO SECUNDARIO DE MATERIA - TERMINO TEMATICO [R]
Término temático o nombre geográfico como elemento de entrada [NR] Perfil criminológico
9 (RLIN) 180528
Subdivisión general [R] Legislación
Subdivisión geográfica [R] América Latina
942 ## - ELEMENTOS DE ENTRADA AGREGADOS (KOHA)
Sistema de clasificación DEWEY
Tema principal Derecho
Tipo de ítem principal el descrito en 300a Libro
Edición 2
Clasificación 364.601
Parte restante de la signatura top. F676a
Título oculto en OPAC No
Existencias
Signatura topográfica Código de barras Última vez visto Volúmen / Fascículo Ejemplar Price effective from Tipo de ítem Nota pública (OPAC) Perdido Sistema de clasificación Dañado No prestable Tipo de ítem específico Suprimido Ubicación habitual Ubicación actual Localización Fecha de creación Forma de adquisición Costo
364.601 F676a 100172487 09/12/2025 2a. Ed Ej.1 24/04/2024 Libro Spot Criminología e Investigación Criminal   DEWEY     Libro   Claustro Claustro 3er piso 24/04/2024 Compra 52000.00